Influence of plants per hill and harvesting time on growth, yield and economic benefit of onion (Record no. 14783)

MARC details
000 -LEADER
fixed length control field 00900nam a22002537a 4500
001 - CONTROL NUMBER
control field BD-DhSAU
003 - CONTROL NUMBER IDENTIFIER
control field BD-DhSAU
005 - DATE AND TIME OF LATEST TRANSACTION
control field 20191120104336.0
008 - FIXED-LENGTH DATA ELEMENTS--GENERAL INFORMATION
fixed length control field 150612b2017 bg a||||r|||| 001 0 eng d
040 ## - CATALOGING SOURCE
Original cataloging agency BD-DhSAU
082 ## - DEWEY DECIMAL CLASSIFICATION NUMBER
Edition number 22
Classification number 635
Item number M735
100 ## - MAIN ENTRY--PERSONAL NAME
Personal name Molla, Md. Habibur Rahman
Relator code Reg. No.16-07529
245 ## - TITLE STATEMENT
Title Influence of plants per hill and harvesting time on growth, yield and economic benefit of onion
Statement of responsibility, etc. Md. Habibur Rahman Molla
260 ## - PUBLICATION, DISTRIBUTION, ETC. (IMPRINT)
Place of publication, distribution, etc. Sher-e- Bangla Agricultural University :
Name of publisher, distributor, etc. Department of Horticulture,
Date of publication, distribution, etc. 2017
300 ## - PHYSICAL DESCRIPTION
Extent ix, 65 p. :
Other physical details ill. ,
Dimensions 30 cm.
504 ## - BIBLIOGRAPHY, ETC. NOTE
Bibliography, etc Includes references.
590 ## - Name of Cataloguer
Name of Cataloger Bandana
650 ## - SUBJECT ADDED ENTRY--TOPICAL TERM
Topical term or geographic name as entry element Horticulture
650 ## - SUBJECT ADDED ENTRY--TOPICAL TERM
Topical term or geographic name as entry element Onion
700 ## - ADDED ENTRY--PERSONAL NAME
Personal name Mostarin, Tahmina
Relator term Supervisor
700 ## - ADDED ENTRY--PERSONAL NAME
Personal name Khatun, Khaleda
Relator term Co-Supervisor
856 ## - ELECTRONIC LOCATION AND ACCESS
Uniform Resource Identifier <a href="http://archive.saulibrary.edu.bd:8080/xmlui/handle/123456789/2574">http://archive.saulibrary.edu.bd:8080/xmlui/handle/123456789/2574</a>
942 ## - ADDED ENTRY ELEMENTS (KOHA)
Source of classification or shelving scheme Dewey Decimal Classification
Koha item type MS Level Thesis
Holdings
Withdrawn status Lost status Source of classification or shelving scheme Damaged status Use restrictions Not for loan Home library Branch Name Shelving location Date acquired Total Checkouts Full call number Barcode Date last seen Price effective from Koha item type
    Dewey Decimal Classification   Restricted Access Not For Loan SAU Library SAU Library Reference 20/11/2019   635 M735 41429 20/11/2019 20/11/2019 MS Level Thesis